000 00489nam a2200181 4500
003 SEACOMMC
005 20250502114206.0
008 250206b |||||||| |||| 00| 0 eng d
020 _a81-219-2344-1
_cRs.345.00
040 _aSEACOMMC
082 _a657
_bS 774
100 _aSrinivasan, N.P.
245 1 _aAccounting for Management /
_c N.P. Srinivasan & M. S. Murugan
250 _aRev.ed.
260 _a New Delhi
_b S. Chand Publishers
_c 2006
650 _aAccountancy
942 _cBOOK
999 _c1062
_d1062